Piłkarze z największą liczbą występów w reprezentacji Brazylii - Statystyki

Ogólne statystyki
  • Ten quiz został rozwiązany 90 razy
  • Średni wynik to 8 z 18
Statystyki odpowiedzi
Występy Zawodnik % Poprawnych
128 Neymar
93%
92 Pelé
88%
98 Ronaldo
86%
97 Ronaldinho
79%
125 Roberto Carlos
75%
92 Kaká
56%
142 Cafu
54%
113 Thiago Silva
49%
91 Dida
39%
126 Daniel Alves
33%
93 Gilberto Silva
32%
105 Lúcio
26%
100 Robinho
22%
101 Taffarel
10%
91 Dunga
8%
94 Gilmar
3%
92 Rivellino
3%
98 Djalma Santos
0%
Nie znaleziono quizów pasujących do podanych kryteriów
Rozkład punktacji
Procent ludzi z każdym wynikiem
Percentyl według liczby udzielonych odpowiedzi
Twoja historia wyników
Nie rozwiązałeś tego quizu